00481nam a2200121 4500008004100000082001700041110003800058245009300096260006800189300003000257505004000287650003200327240117b |||||||| |||| 00| 0 eng d a331.341bINT aInternational Labour Organization aPromoting jobs, protecting youth : bILO's work on youth employment and entrepreneurship aColombo:bILO Country Office for Sri Lanka and Maldives, c2015 a47 p. : color ill.; 26 cm aWith partial reference to Sri Lanka aYouth Employment- Sri Lanka